Las definiciones axiomáticas en las matemáticas / (Record no. 180140)

MARC details
000 -LEADER
campo de control de longitud fija 01204nam a2200253 i 4500
001 - NÚMERO DE CONTROL
campo de control 180140
003 - IDENTIFICADOR DE NÚMERO DE CONTROL
campo de control ES-MaACL
005 - FECHA Y HORA DE LA ÚLTIMA TRANSACCIÓN
campo de control 20251220171944.0
008 - DATOS DE LONGITUD FIJA--INFORMACIÓN GENERAL
campo de control de longitud fija 120424s1956 sp |||| | spa d
080 ## - NÚMERO DE LA CLASIFICACIÓN DECIMAL UNIVERSAL
Número de la Clasificación Decimal Universal 510.223
100 1# - ENTRADA PRINCIPAL--NOMBRE DE PERSONA
Nombre de persona Hadamard, Jacques.
9 (RLIN) 61401
245 14 - MENCIÓN DEL TÍTULO
Título Las definiciones axiomáticas en las matemáticas /
Mención de responsabilidad, etc. Jacques Hadamard, Alexandr D. Alexandrov.
260 ## - PUBLICACIÓN, DISTRIBUCIÓN, ETC.
Lugar de publicación, distribución, etc. México :
Nombre del editor, distribuidor, etc. Universidad Nacional de México,
Fecha de publicación, distribución, etc. 1956.
300 ## - DESCRIPCIÓN FÍSICA
Extensión 21 p. ;
Dimensiones 22 cm.
490 1# - MENCIÓN DE SERIE
Mención de serie Seminario de Problemas Científicos y Filosóficos. Suplementos ;
Designación de volumen o secuencia 6
505 8# - NOTA DE CONTENIDO CON FORMATO
Nota de contenido con formato Contiene: ;
Título La geometría no euclidiana y las definiciones axiomáticas /
Mención de responsabilidad J. Hadamard. --
Título Sobre la imposibilidad de demostrar la compatibilidad de los axiomas de la aritmética /
Mención de responsabilidad J. Hadamard. --
Título El idealismo de la teoría de los conjuntos /
Mención de responsabilidad A.D. Alexandrov
650 #4 - PUNTO DE ACCESO ADICIONAL DE MATERIA--TÉRMINO DE MATERIA
Término de materia o nombre geográfico como elemento de entrada Axiomas.
9 (RLIN) 141149
650 #7 - PUNTO DE ACCESO ADICIONAL DE MATERIA--TÉRMINO DE MATERIA
Término de materia o nombre geográfico como elemento de entrada Lógica matemática
Fuente del encabezamiento o término embne
9 (RLIN) 14697
700 1# - ENTRADA AGREGADA--NOMBRE PERSONAL
Nombre de persona Aleksandrov, Aleksandr Danilovich.
9 (RLIN) 149867
710 2# - ENTRADA AGREGADA--NOMBRE DE ENTIDAD CORPORATIVA
Nombre de entidad corporativa o nombre de jurisdicción como elemento de entrada Universidad Nacional Autónoma de México.
9 (RLIN) 7397
830 0# - PUNTO DE ACCESO ADICIONAL DE SERIE-TÍTULO UNIFORME
Título uniforme Seminario de Problemas Científicos y Filosóficos. Suplementos
Designación de volumen o secuencia 6
9 (RLIN) 190619
852 ## - LOCALIZACIÓN
Ubicación ES-MaACL
Número de control de estantería 2297-F-5
Holdings
Estatus retirado Estado de pérdida Estado de daño No para préstamo Colección Biblioteca de origen Biblioteca actual Ubicación en estantería Fecha de adquisición Fuente de adquisición Total de préstamos Signatura topográfica completa Código de barras Visto por última vez Precio de reemplazo Tipo de ítem Koha
        Colección de folletos Biblioteca del Ateneo de Madrid Biblioteca del Ateneo de Madrid Depósito folletos 24/04/2012     2297-F-5 1189277 23/02/2023 23/02/2023 Folleto